Toán 3
vv
Đã lưu trong:
| Tác giả chính: | |
|---|---|
| Định dạng: | Sách |
| Năm xuất bản: |
H.:
Giáo dục,
2004
|
| Chủ đề: | |
| Tags: |
Thêm thẻ
Không có thẻ, Hãy là người đầu tiên gắn thẻ bản ghi này!
|
| LEADER | 02106nam a2200253 4500 | ||
|---|---|---|---|
| 082 | |a 373.7 |b T406b | ||
| 100 | |a Đỗ Đình Hoan | ||
| 245 | |a Toán 3 |c Đỗ Đình Hoan, Nguyễn Áng, Đỗ Tiến Đạt | ||
| 260 | |a H.: |b Giáo dục, |c 2004 | ||
| 300 | |a 184tr.; |c 24cm | ||
| 520 | |a vv | ||
| 653 | |a Toán học (Giáo dục tiểu học) | ||
| 942 | |2 ddc |c STK0 | ||
| 999 | |c 11608 |d 11608 | ||
| 952 | |0 0 |1 0 |2 ddc |4 0 |6 373_700000000000000_T406B |7 0 |8 300 |9 99223 |a qbu |b qbu |c D2 |d 2015-11-18 |g 8500 |l 3 |o 373.7 T406b |p 11224.C1 |r 2020-11-30 |s 2020-11-19 |w 2015-11-18 |y STK0 | ||
| 952 | |0 0 |1 0 |2 ddc |4 0 |6 373_700000000000000_T406B |7 0 |8 300 |9 99224 |a qbu |b qbu |c D2 |d 2015-11-18 |g 8500 |l 16 |m 2 |o 373.7 T406b |p 11224.C2 |r 2020-06-18 |s 2020-06-04 |w 2015-11-18 |y STK0 | ||
| 952 | |0 0 |1 0 |2 ddc |4 0 |6 373_700000000000000_T406B |7 0 |8 300 |9 99225 |a qbu |b qbu |c D2 |d 2015-11-18 |g 8500 |l 9 |m 1 |o 373.7 T406b |p 11224.C3 |r 2020-06-17 |s 2020-06-16 |w 2015-11-18 |y STK0 | ||
| 952 | |0 0 |1 0 |2 ddc |4 0 |6 373_700000000000000_T406B |7 0 |8 300 |9 99226 |a qbu |b qbu |c D2 |d 2015-11-18 |g 8500 |l 27 |m 8 |o 373.7 T406b |p 11224.C4 |r 2020-06-18 |s 2020-06-17 |w 2015-11-18 |y STK0 | ||
| 952 | |0 0 |1 0 |2 ddc |4 0 |6 373_700000000000000_T406B |7 0 |8 300 |9 99227 |a qbu |b qbu |c D2 |d 2015-11-18 |g 8500 |l 10 |o 373.7 T406b |p 11224.C5 |r 2018-12-20 |s 2018-12-10 |w 2015-11-18 |y STK0 | ||
| 952 | |0 0 |1 0 |2 ddc |4 0 |6 373_700000000000000_T406B |7 0 |8 300 |9 99228 |a qbu |b qbu |c D2 |d 2015-11-18 |g 8500 |l 23 |m 6 |o 373.7 T406b |p 11224.C6 |r 2021-05-04 |s 2021-04-05 |w 2015-11-18 |y STK0 | ||
| 952 | |0 0 |1 0 |2 ddc |4 0 |6 373_700000000000000_T406B |7 0 |8 300 |9 99229 |a qbu |b qbu |c D2 |d 2015-11-18 |g 8500 |l 21 |o 373.7 T406b |p 11224.C7 |r 2020-10-14 |s 2020-10-01 |w 2015-11-18 |y STK0 | ||
| 952 | |0 0 |1 0 |2 ddc |4 0 |6 373_700000000000000_T406B |7 0 |8 300 |9 99230 |a qbu |b qbu |c D2 |d 2015-11-18 |g 8500 |l 34 |m 9 |o 373.7 T406b |p 11224.C8 |r 2020-09-21 |s 2020-09-09 |w 2015-11-18 |y STK0 | ||
| 952 | |0 0 |1 0 |2 ddc |4 0 |6 373_700000000000000_T406B |7 0 |8 300 |9 99231 |a qbu |b qbu |c D2 |d 2015-11-18 |g 8500 |l 22 |m 5 |o 373.7 T406b |p 11224.C9 |r 2020-06-17 |s 2020-06-16 |w 2015-11-18 |y STK0 | ||
| 952 | |0 0 |1 0 |2 ddc |4 0 |6 373_700000000000000_T406B |7 0 |8 300 |9 99232 |a qbu |b qbu |c D2 |d 2015-11-18 |g 8500 |l 9 |m 1 |o 373.7 T406b |p 11224.C10 |r 2020-06-18 |s 2020-06-17 |w 2015-11-18 |y STK0 | ||